Fundamentals of Database Systems. (Record no. 52)

MARC details
000 -LEADER
fixed length control field 00591cam a2200217ua 4500
008 - FIXED-LENGTH DATA ELEMENTS--GENERAL INFORMATION
fixed length control field 110330n ii |||gr||||Z||||||eng
020 ## - INTERNATIONAL STANDARD BOOK NUMBER
International Standard Book Number 978-81-317-1625-0
040 ## - CATALOGING SOURCE
Transcribing agency MAIN
082 ## - DEWEY DECIMAL CLASSIFICATION NUMBER
Classification number 005.74
100 1# - MAIN ENTRY--PERSONAL NAME
Personal name Elmasri, Ramez.,
245 ## - TITLE STATEMENT
Title Fundamentals of Database Systems.
Statement of responsibility, etc. Bb Ramez Elmasri.
250 ## - EDITION STATEMENT
Edition statement 5th.
260 ## - PUBLICATION, DISTRIBUTION, ETC.
Place of publication, distribution, etc. New Delhi.:
Name of publisher, distributor, etc. Pearson Education.,
Date of publication, distribution, etc. 2008.
300 ## - PHYSICAL DESCRIPTION
Extent xxxii, 1143 p.:
Other physical details ill.;
Dimensions 20 cm.
700 ## - ADDED ENTRY--PERSONAL NAME
Personal name Elmasri, Ramez.,
700 ## - ADDED ENTRY--PERSONAL NAME
Personal name Navathe, Shamkant.,
942 ## - ADDED ENTRY ELEMENTS (KOHA)
Koha item type Books
653 ## - INDEX TERM--UNCONTROLLED
Uncontrolled term Computer Science.
653 ## - INDEX TERM--UNCONTROLLED
Uncontrolled term Fundamentals of Database Systems.
Holdings
Withdrawn status Lost status Damaged status Not for loan Home library Current library Shelving location Date acquired Total Checkouts Full call number Barcode Date last seen Copy number Price effective from Koha item type
        Central Library, Naharkatiya College Central Library, Naharkatiya College General Stacks 19/09/2020   005.74 | ELM 19549 19/09/2020 1 19/09/2020 Books

Naharkatiya College © 2020. All rights reserved.

Powered By